000 00624nam a2200229 a 4500
008
020 _a0070697124 (hbk.)
049 _aMAIN
050 0 0 _aQA929
_fWHI
100 1 _aWhite, Frank M.
245 1 0 _aViscous fluid flow
_c Frank M. White.
260 _aNew York :
_bbMcGraw-Hill ,
_cc1991.
300 _axxi, 614 p. :
_bill. ;
_c24 cm.
500 _aIncludes index.
504 _aIncludes bibliographical references.
650 0 _aViscous flow.
907 _a.b10162598
_b16-01-07
_c09-05-05
003
005 20230123134011.0
040 _cNUST
942 _cBOOKS
999 _c158305
_d158305